LEADER 00998cam0-2200337---450- 001 990004490190403321 005 20150225110000.0 035 $a000449019 035 $aFED01000449019 035 $a(Aleph)000449019FED01 035 $a000449019 100 $a19990604d1960----km-y0itay50------ba 101 0 $aita 102 $aIT 105 $a--------001yy 200 1 $aAstrologia e moralitą in Giovanni Pontano$fFrancesco Tateo 210 $aBari$cAdriatica editrice$d1960 215 $a189 p.$d22 cm 225 1 $aPubblicazioni dell'Istituto di filologia moderna, Universitą di Bari$v1 610 0 $aPontano, Giovanni Gioviano 676 $a851.2$v22$zita 700 1$aTateo,$bFrancesco$0139561 801 0$aIT$bUNINA$gRICA$2UNIMARC 901 $aBK 912 $a990004490190403321 952 $a851.2 PONT/S 3$bBibl.39628$fFLFBC 952 $aBIB. BAT.5893$fBAT 959 $aFLFBC 959 $aBAT 996 $aAstrologia e moralitą in Giovanni Pontano$9546844 997 $aUNINA LEADER 01306nam0 22003131i 450 001 SUN0011315 005 20061013120000.0 010 $a88-13-17563-9 020 $aIT$b94 4806 100 $a20030108d1994 |0itac50 ba 101 $aita 102 $aIT 105 $a|||| ||||| 200 1 $aConcorrenza e mercato$ecommento alla Legge 10 ottobre 1990, n. 287 e al Decreto legislativo 25 gennaio 1992, n. 74$fa cura di Vittorio Afferni$gcon i contributi di Maria Cleme Bartesaghi ... [et al.] 210 $aPadova$cCEDAM$d1994 215 $aXVIII, 769 p.$d22 cm. 606 $aLibera concorrenza$xLegislazione$2FI$3SUNC000191 620 $dPadova$3SUNL000007 676 $a343.45072102638$v21 702 1$aAfferni$b, Vittorio$3SUNV008115 702 1$aBartesaghi$b, Maria C.$3SUNV008301 712 $aCEDAM$3SUNV005537$4650 790 1$aBartesaghi, Maria Cleme$zBartesaghi, Maria C.$3SUNV070760 801 $aIT$bSOL$c20181109$gRICA 912 $aSUN0011315 950 $aUFFICIO DI BIBLIOTECA DEL DIPARTIMENTO DI GIURISPRUDENZA$d00 CONS VI.D.32 $e00 19735 995 $aUFFICIO DI BIBLIOTECA DEL DIPARTIMENTO DI GIURISPRUDENZA$h19735$kCONS VI.D.32$oc$qa 996 $aConcorrenza e mercato$957384 997 $aUNICAMPANIA LEADER 03906oam 2200721I 450 001 9910785264003321 005 20230814231909.0 010 $a0-429-91431-8 010 $a9780429896983 010 $a0-429-47531-4 010 $a1-282-78029-8 010 $a9786612780295 010 $a1-84940-799-1 035 $a(CKB)2670000000047853 035 $a(EBL)689957 035 $a(OCoLC)729244837 035 $a(SSID)ssj0000484702 035 $a(PQKBManifestationID)11318016 035 $a(PQKBTitleCode)TC0000484702 035 $a(PQKBWorkID)10594757 035 $a(PQKB)10156846 035 $a(MiAaPQ)EBC689957 035 $a(Au-PeEL)EBL689957 035 $a(CaPaEBR)ebr10415395 035 $a(CaONFJC)MIL278029 035 $a(FlBoTFG)9780429475313 035 $a(OCoLC)430990193 035 $a(FINmELB)ELB141808 035 $a(EXLCZ)992670000000047853 100 $a20181122h20182009 uy 0 101 0 $aeng 135 $aur||| ||||| 181 $ctxt 182 $cc 183 $acr 200 10$aGood Feelings $ePsychoanalytic Reflections on Positive Emotions and Attitudes /$fby Salman Akhtar 205 $aFirst edition. 210 1$aBoca Raton, FL :$cRoutledge,$d[2018]. 210 4$d©2009. 215 $a1 online resource (676 p.) 225 1 $aPsychoanalytic ideas and applications series 300 $aDescription based upon print version of record. 311 $a0-367-10678-7 311 $a1-85575-780-X 320 $aIncludes bibliographical references and index. 327 $aCover; Copy Right; The International Psychoanalysis Library IPA Publications Committee; Acknowledgements; About the Editor and Contributors; Prologue: Psychoanalysis and human goodness: theory; Healthy Reserves; Chapter 1. Enthusiasm; Commentary; Chapter 2. Courage; Commentary; Chapter 3. Altruism; Commentary; Chapter 4. Faith; Commentary; HARMONIOUS RELATIONS; Chapter 5. Tact; Commentary; Chapter 6. Love; Commentary; Chapter 7. Friendship; Commentary; HOPEFUL RETREATS; Chapter 8. Humour; Commentary; Chapter 9. Creativity; Commentary; HUMANE RESPONSES; Chapter 10. Resilience; Commentary 327 $aChapter 11. AtonementCommentary; Chapter 12. Forgiveness; Commentary; Epilogue: Psychoanalysis and human goodness: technique 330 3 $aThis tightly edited volume opens a new vista in psychoanalysis by focusing upon positive and life-enhancing emotions and attitudes. The realms it covers include love, friendship, enthusiasm, courage, tact, resilience, and forgiveness, among others. Seminal papers on these topics have existed but remain scattered throughout the psychoanalytic literature. This book brings them together in a harmonious gestalt. It is more than an anthology, however. Each paper is followed by a freshly written commentary that critically evaluates the paper and brings it in consonance with up-to-date, contemporary psychoanalytic knowledge. Issues of development, adaptation, psychopathology, and analytic technique, as these pertain to the positive dimension of affective experience, are elucidated. The book also deals with the broader and overarching issue of the 'goodness' that accompanies, causes, and is enhanced by the positive emotions in consideration here. Thus the ever-elusive and puzzling issue of psychoanalytic morality finds a place in the discourse, with all its rich and complex theoretical and technical implications. 410 0$aPsychoanalytic ideas and applications series. 606 $aEmotions 606 $aPsychoanalysis 615 0$aEmotions. 615 0$aPsychoanalysis. 676 $a150.1988 686 $aCP 3200$2rvk 700 $aAkhtar$b Salman$0296333 712 02$aInternational Psycho-Analytical Association. 801 0$bFlBoTFG 801 1$bFlBoTFG 906 $aBOOK 912 $a9910785264003321 996 $aGood Feelings$93727638 997 $aUNINA